000 02947nam a22002057a 4500
005 20260316160518.0
020 _a9780723434740
020 _a0723434743
050 _aRT41
_b.Es7
245 _aEssential Skills Handbook for Nurses and Midwives
_cMaggie Nicol
260 _aEdinburgh ; New York :
_b Mosby/Elsevier,
_c2008.
300 _aviii, 361 pages :
_b illustrations ;
_c24 cm.
440 _aEssential skills for nurses series
500 _aincludes index.
505 _aFront Cover; Essential Nursing Skills ; Copyright ; Contents ; Preface ; Chapter 1: Observation and monitoring; Temperature Recording; Use of electronic thermometers; Cooling the patient; Warming the patient; Pulse recording; Assessment of breathing and counting respirations; Blood Pressure Recording; Cardiac monitoring; Recording a 12-lead ECG; Observation of limb perfusion, movement and sensation; Assessment of level of consciousness; Care of the patient having a seizure; Weighing patients; Blood Glucose Monitoring; Pain Assessment; Patient-Controlled Analagesia (PCA); Epidural Analgesia. Removal of CVC (Non-Tunnelled)Care of Long-Term CVCs; References and further reading; Chapter 5: Blood transfusion; Checking Compatibility; Care and management of a transfusion; Use of Blood Filters and Blood Warmers; References and further reading; Websites; Chapter 6: Nutrition and hydration; Nutritional Assessment; Feeding Adults; Nausea and Vomiting; Subcutaneous Fluids (Hyperdermoclysis); Nasogastric Tube Insertion; Nasogastric Feeding; Care of Gastrostomy Site; Feeding Via Percutaneous Endoscopic Gastrostomy (PEG); References and further reading; Websites; Chapter 7: Medicines. Storage of MedicinesSelf-Administration; Principles; Drug Calculations; Principles of Administration; Oral Route; Nasogastric Route; Controlled Drugs; Subcutaneous Injection; Intramuscular Injection; Intravenous Drug Administration; Instillation of Nose Drops; Instillation of Ear Drops; Instillation of Eye Drops or Ointment; Topical Application; Vaginal Preparations; Administration of Suppositories; Respiratory Route -- Metered Dose Inhaler; References and further reading; Websites; Chapter 8: Elimination; Observation of Faeces; Obtaining a Specimen of Faeces; Administration of an Enema. Assisting with a BedpanAssisting with a Commode; Use of Urinal; Monitoring Fluid Balance; Application of a Penile Sheath; Observation of Urine; Urinalysis; Midstream Specimen of Urine; Catheter Specimen of Urine; 24-hour Urine Collection; Early Morning Urine Specimen; Female Catheterisation; Male CatheTerisation; Urethral Catheter Care; Emptying a Catheter Bag; Continuous Bladder Irrigation; Bladder Washout/Lavage; Catheter Removal; Stoma Care; Changing a Stoma Bag; References and further reading; Chapter 9: Prevention of cross-infection; Standard Precautions.
700 _aCarol Bavin
710 _aPatricia Cronin
711 _aKaren Rawlings-Anderson
942 _cBK
999 _c8123
_d8123